Famous People Whose Names End with "-man" (Part 1) - Statistics

General Stats
  • This quiz has been taken 206 times
    18 since last reset
  • The average score is 11 of 18
Answer Stats
Life Hint Person % Correct
1925–2008 Actor in Cool Hand Luke and The Sting Paul Newman
89%
1943– Wrote and performed "You've Got a Friend in Me" Randy Newman
89%
1937– Actor in The Graduate and Rain Man Dustin Hoffman
83%
1949–2025 Lost to Muhammad Ali in 1974's Rumble in the Jungle George Foreman
83%
1884–1972 33rd president of the United States Harry S. Truman
78%
1937– Played Red in The Shawshank Redemption Morgan Freeman
67%
1946–2016 Played Hans Gruber and Severus Snape Alan Rickman
61%
1947– Late-night host with a Top Ten List David Letterman
61%
1854–1932 Founded Kodak George Eastman
61%
1909–1986 Clarinetist and bandleader known as the "King of Swing" Benny Goodman
56%
1918–2007 Swedish filmmaker of The Seventh Seal Ingmar Bergman
56%
1819–1892 Poet of Leaves of Grass and "O Captain! My Captain!" Walt Whitman
56%
1948–1998 SNL cast member who was killed by his wife Phil Hartman
50%
1949–1984 Portrayed foreigner Latka Gravas on Taxi Andy Kaufman
39%
1947–1971 Guitarist of "Whipping Post" band, named after him and his brother Duane Allman
39%
1930–2025 Was Lex Luthor in Superman Gene Hackman
39%
1932–2018 Director of Amadeus and One Flew Over the Cuckoo's Nest Milos Forman
33%
1925–2006 Directed M*A*S*H and Gosford Park Robert Altman
28%
No matching quizzes found
Score Distribution
Percent of People with Each Score
Percentile by Number Answered
Your Score History
You have not taken this quiz since the last reset